[Event "BCF-ch Major op"]
[Site "Torquay"]
[Date "2013.08.08"]
[Round "10.90"]
[White "Jones, Chris"]
[Black "Patel, Shyamal C"]
[Result "1/2-1/2"]
[WhiteElo "2066"]
[BlackElo "1960"]
[PlyCount "33"]
[EventDate "2013.07.29"]
[EventType "swiss"]
[EventRounds "11"]
[EventCountry "ENG"]
[SourceTitle "EXT 2023"]
[Source "ChessBase"]
[SourceDate "2022.10.05"]
[SourceVersion "1"]
[SourceVersionDate "2022.10.05"]
[SourceQuality "1"]

1. e4 e5 2. Nf3 Nc6 3. c3 d5 4. Qa4 dxe4 5. Nxe5 Qd5 6. Nxc6 bxc6 7. Bc4 Qd6 8. d4 Nf6 9. 0-0 Be7 10. Bf4 Qd7 11. Nd2 Nd5 12. Bxd5 cxd5 13. Qxd7+ Kxd7 14. c4 c6 15. cxd5 cxd5 16. Rfe1 Bd6 17. Bxd6 1/2-1/2

[Event "BCF-ch Major op"]
[Site "Torquay"]
[Date "2013.08.07"]
[Round "9.91"]
[White "Patel, Shyamal C"]
[Black "Smith, Graham M"]
[Result "1-0"]
[WhiteElo "1960"]
[BlackElo "2074"]
[PlyCount "63"]
[EventDate "2013.07.29"]
[EventType "swiss"]
[EventRounds "11"]
[EventCountry "ENG"]
[SourceTitle "EXT 2023"]
[Source "ChessBase"]
[SourceDate "2022.10.05"]
[SourceVersion "1"]
[SourceVersionDate "2022.10.05"]
[SourceQuality "1"]

1. e4 c5 2. Nf3 Nc6 3. Nc3 e6 4. d4 cxd4 5. Nxd4 Qc7 6. Be3 a6 7. Bd3 Nf6 8. 0-0 d6 9. Kh1 Bd7 10. a4 Na5 11. f4 Be7 12. Qe2 Rc8 13. Rad1 Nc4 14. Bc1 Qc5 15. Nb3 Qc7 16. Rf3 b5 17. axb5 axb5 18. Rg3 g6 19. Rf1 h5 20. Rg5 b4 21. Nb5 Bxb5 22. Rxb5 d5 23. exd5 Nxd5 24. Re1 Nxf4 25. Bxf4 Qxf4 26. Bxc4 Rxc4 27. Rf1 Qc7 28. Qf3 0-0 29. Rb7 Qd8 30. Rd1 Qe8 31. Rdd7 Bg5 32. Qd3 1-0

[Event "BCF-ch Major op"]
[Site "Torquay"]
[Date "2013.08.06"]
[Round "8.92"]
[White "Patel, Shyamal C"]
[Black "Wilson, Matthew R"]
[Result "1/2-1/2"]
[WhiteElo "1960"]
[BlackElo "1729"]
[PlyCount "38"]
[EventDate "2013.07.29"]
[EventType "swiss"]
[EventRounds "11"]
[EventCountry "ENG"]
[SourceTitle "EXT 2023"]
[Source "ChessBase"]
[SourceDate "2022.10.05"]
[SourceVersion "1"]
[SourceVersionDate "2022.10.05"]
[SourceQuality "1"]

1. e4 c5 2. Nf3 e6 3. d4 cxd4 4. Nxd4 a6 5. Bd3 Qc7 6. Nc3 b5 7. 0-0 Bb7 8. a3 Nc6 9. Be3 Nf6 10. Kh1 Ne5 11. f3 Nc4 12. Bxc4 Qxc4 13. Qd2 Be7 14. Nde2 0-0 15. Bg5 Qc7 16. Rad1 Rfd8 17. Qe3 Bc5 18. Qc1 Be7 19. Qe3 Bc5 1/2-1/2

[Event "BCF-ch Major op"]
[Site "Torquay"]
[Date "2013.07.30"]
[Round "2.55"]
[White "Patel, Shyamal C"]
[Black "Menadue, Jeremy FS"]
[Result "1/2-1/2"]
[WhiteElo "1960"]
[BlackElo "2145"]
[PlyCount "44"]
[EventDate "2013.07.29"]
[EventType "swiss"]
[EventRounds "11"]
[EventCountry "ENG"]
[SourceTitle "EXT 2023"]
[Source "ChessBase"]
[SourceDate "2022.10.05"]
[SourceVersion "1"]
[SourceVersionDate "2022.10.05"]
[SourceQuality "1"]

1. e4 Nf6 2. e5 Nd5 3. d4 d6 4. Nf3 Bg4 5. Be2 c6 6. 0-0 Bxf3 7. Bxf3 dxe5 8. dxe5 e6 9. Nd2 Qc7 10. Re1 Nd7 11. Nc4 b5 12. Bxd5 cxd5 13. Nd6+ Bxd6 14. Qxd5 0-0 15. Qxd6 Qb7 16. Qd3 Rfc8 17. Bg5 Rc5 18. Rad1 Rd5 19. Qg3 Nf8 20. h4 Rc8 21. Qb3 Rc4 22. Rxd5 exd5 1/2-1/2

[Event "BCF-ch Major op"]
[Site "Torquay"]
[Date "2013.07.29"]
[Round "1.73"]
[White "Llewellyn, Alan Mansel"]
[Black "Patel, Shyamal C"]
[Result "0-1"]
[WhiteElo "1738"]
[BlackElo "1960"]
[PlyCount "32"]
[EventDate "2013.07.29"]
[EventType "swiss"]
[EventRounds "11"]
[EventCountry "ENG"]
[SourceTitle "EXT 2023"]
[Source "ChessBase"]
[SourceDate "2022.10.05"]
[SourceVersion "1"]
[SourceVersionDate "2022.10.05"]
[SourceQuality "1"]

1. c4 b6 2. Nc3 Bb7 3. e4 e6 4. d3 Bb4 5. Nge2 d5 6. Nd4 c5 7. Nxe6 fxe6 8. Qh5+ g6 9. Qe5 Qf6 10. Bf4 Nd7 11. Qc7 Bxc3+ 12. bxc3 Qxc3+ 13. Ke2 Qb2+ 14. Ke3 e5 15. Bg5 Qxa1 16. Qxb7 Rb8 0-1